000 00643nam a2200241 i 4500
001 C2-0103597
003 PPAK
005 20180727100806.0
008 970603s1988 nyua|||| ||||| | eng d
020 _a0671688782
040 _aPPAK
_beng
_cPPAK
_erda
082 0 4 _a649.1
_223
090 0 0 _a649.1
_bWEL
_dG
100 1 _aWelch, Martha G.,
_eauthor
245 1 0 _aHolding time
264 1 _aNew York :
_bA Fireside Book ,
_c1988
300 _a254 pages :
_billustrations ;
_c21 cm
336 _2rdacontent
_atext
337 _2rdamedia
_aunmediated
338 _2rdacarrier
_avolume
650 1 0 _aDiscipline of children
942 _ddc
_cB
999 _c24622
_d24622